Equipe de France de volley JO 2024 (Homme) - Statistiques

Statistiques générales
  • Ce quiz a été pris 156 fois
  • Le résultat moyen est 11 sur 14
Statistiques - réponses
Poste Joueur % Correct
Réceptionneur-Attaquant Earvin Ngapeth
96%
Passeur Antoine Brizard
94%
Libéro Jenia Grebennikov
89%
Pointu Jean Patry
88%
Central Nicolas Le Goff
86%
Passeur Benjamin Toniutti
82%
Réceptionneur-Attaquant Trévor Clévenot
82%
Central Barthélémy Chinenyeze
72%
Pointu Théo Faure
71%
Réceptionneur-Attaquant Kevin Tillie
68%
Réceptionneur-Attaquant Yacine Louati
68%
Selectioneur Andrea Giani
55%
Central Quentin Jouffroy
55%
Réserviste Timothée Carle
53%
Aucun quiz correspondant
Distribution des résultats
% des personnes avec chaque résultat
Percentile par nombre de réponses
Votre historique - résultats
Vous n’avez pas pris ce quiz